Catálogo
 En Linea

Cachón : (Registro nro. 16840)

Detalles MARC
000 -CABECERA
campo de control de longitud fija 00602nam a2200181 a 4500
001 - NÚMERO DE CONTROL
campo de control 000017315
005 - FECHA Y HORA DE LA ÚLTIMA TRANSACCIÓN
campo de control 20240530073918.0
008 - DATOS DE LONGITUD FIJA--INFORMACIÓN GENERAL
campo de control de longitud fija 100322s1958 dr 000 f spa d
040 ## - FUENTE DE LA CATALOGACIÓN
Centro catalogador/agencia de origen DO-SdBNP
Lengua de catalogación spa
Centro/agencia transcriptor BNPHU
082 ## - NÚMERO DE LA CLASIFICACIÓN DECIMAL DEWEY
Número de clasificación RD863.42
Número de documento/Ítem M738c, 1958
100 1# - ENTRADA PRINCIPAL--NOMBRE DE PERSONA
Nombre de persona Monclús, Miguel Angel,
Fechas asociadas al nombre 1873-1967
9 (RLIN) 31058
245 10 - MENCIÓN DE TÍTULO
Título Cachón :
Resto del título novela dominicana /
Mención de responsabilidad, etc. Miguel Angel Monclús.
260 ## - PUBLICACIÓN, DISTRIBUCIÓN, ETC.
Lugar de publicación, distribución, etc. Ciudad Trujillo, República Dominicana :
Nombre del editor, distribuidor, etc. Montalvo,
Fecha de publicación, distribución, etc. 1958.
300 ## - DESCRIPCIÓN FÍSICA
Extensión 210 p. ;
Dimensiones 23 cm.
650 #0 - PUNTO DE ACCESO ADICIONAL DE MATERIA--TÉRMINO DE MATERIA
Término de materia o nombre geográfico como elemento de entrada Novela dominicana
9 (RLIN) 223
650 #0 - PUNTO DE ACCESO ADICIONAL DE MATERIA--TÉRMINO DE MATERIA
Término de materia o nombre geográfico como elemento de entrada Literatura dominicana.
9 (RLIN) 67
910 ## - DATOS DE OPCIÓN DEL USUARIO (OCLC)
Datos de opción del usuario Validado. Control de calidad EMS
Existencias
Estado de retiro Estado de pérdida Restricciones de uso No para préstamo Código de colección Localización permanente Ubicación/localización actual Ubicación en estantería Fecha de adquisición Número de inventario Total de préstamos Signatura topográfica completa Código de barras Fecha visto por última vez Número de copia Precio válido a partir de Tipo de ítem Koha Nota pública
        Raros y valiosos General General Depósito 01.04.2011 LF1   RD863.42 M738c, 1958 17315-30 25.06.2020 e.3 25.06.2020 Préstamo en sala  
        Raros y valiosos General General Depósito 16.05.2011 LF1   RD863.42 M738c, 1958 17315-40 25.06.2020 e.4 25.06.2020 Préstamo en sala  
        Raros y valiosos General General Depósito 06.07.2011 LF1   RD863.42 M738c, 1958 17315-50 25.06.2020 e.5 25.06.2020 Préstamo en sala  
      Excluido de préstamo Raros y valiosos Patrimonio Dominicano Patrimonio Dominicano Depósito 22.03.2010 LF1   RD863.42 M738c, 1958 17315-10 25.06.2020   25.06.2020 No se presta Perteneció a la biblioteca personal de Martínez Boog
      Excluido de préstamo Raros y valiosos Patrimonio Dominicano Patrimonio Dominicano Depósito 20.04.2010 LF1   RD863.42 M738c, 1958 17315-20 25.06.2020 e.2 25.06.2020 No se presta Dedicado.

Con tecnología Koha